Fr. Conceicao Rodrigues College of Engineering

Mfg.Processes & Materials For Engineers (Record no. 19838)

MARC details
000 -LEADER
fixed length control field 00282nam a2200121Ia 4500
100 ## - MAIN ENTRY--PERSONAL NAME
Personal name Doyle/L.E
245 ## - TITLE STATEMENT
Title Mfg.Processes & Materials For Engineers
260 ## - PUBLICATION, DISTRIBUTION, ETC.
Name of publisher, distributor, etc. Prentice Hall of India
Place of publication, distribution, etc. NewDelhi
Date of publication, distribution, etc. 1975
300 ## - PHYSICAL DESCRIPTION
Extent 862
546 ## - LANGUAGE NOTE
Language note ENGLISH
654 ## - SUBJECT ADDED ENTRY--FACETED TOPICAL TERMS
Focus term Materials
942 ## - ADDED ENTRY ELEMENTS (KOHA)
Koha item type BOOK
Holdings
Withdrawn status Lost status Damaged status Not for loan Collection Home library Current library Date acquired Cost, normal purchase price Inventory number Total Checkouts Full call number Barcode Date last seen Cost, replacement price Price effective from Koha item type
        AFT Fr. Agnel's C.Rodrigues College of Engineering Fr. Agnel's C.Rodrigues College of Engineering 17/03/2023 35.00 T-156   AFT1698 17/03/2023 35.00 17/03/2023 BOOK